Statistics for Songs on Ed Sheeran's album X

Click here to take the quiz!

General Stats

  • This quiz has been taken 198 times
  • The average score is 10 of 15

Answer Stats

Hint Answer % Correct
Sing
84%
Thinking Out Loud
84%
Don't
81%
Photograph
77%
One
73%
Nina
66%
Tenerife Sea
64%
I'm a mess
63%
Afire Love
62%
I See Fire
61%
Runaway
56%
Even My Dad Does Sometimes
56%
Take It Back
55%
The Man
53%
Shirtsleeves
47%

Score Distribution

Percentile by Number Answered

Percent of People with Each Score

Your Score History

You have not taken this quiz